000
00346pab a2200157 454500
008
180718b2010 xxu||||| |||| 00| 0 eng d
100
_a
Vijay Kumar
245
_a
Women's reservation bill
260
_c
2010
300
_a
p.13-15.
362
_a
24 Apr
650
_a
Women in politics
773
_a
Mainstream
908
_a
N
909
_a
86697
999
_c
86697
_d
86697